000 00748nam a2200265Ia 4500
003 OSt
005 20220928125503.0
006 a|||||r|||| 00| 0
007 ta
008 220927b |||||||| |||| 00| 0 eng d
020 _cIndian Rupees 795
024 _a132317
037 _bGift, 04/01/2017,
_cTextual
040 _aSDCL
_cSDCL
_beng
041 _2eng
_aeng
082 _aC52, P9
100 _aSadiku Matthew N. O.
_9392105
245 0 _aNumerical techniques in electromagnetics with matlab
250 _a3rd
260 _aBoca Raton
_b CRC Press
_c2011
300 _axvii;710p.
_ccm.
650 _aGift
_9391569
942 _hC52, P9
_cTEXL
_2CC
999 _c782491
_d782491